LEADER 00597nam a2200169 i 4500 001 000000245576 003 CaOOAMICUS 005 20151009000000.0 008 151009s1858 it u000 u ita u 013 $a224481 040 $aSeMil$bita 245 10$aTomo 1. 300 $a272 p. 773 0 $aMassini, Carlo $tRaccolta di vite de' santi.$dNapoli : C. Boutteaux e M. Aubry, successori di Gio. Pedone Lauriel, 1858.$g1$w()32636 850 $aSeMil 852 $aSeMil$W1$xVenegono$y1$m3H I 25 FA$j195922$B195922$CSeMilBibl$Z2$F206630 $8I 996 $6245$aTomo 1$9(OLS)http://semarc/title/46685 LEADER 00778nam a2200205 i 4500 001 000000073132 003 CaOOAMICUS 005 20131004000000.0 008 131004s1828 xx u000 u fre u 013 $a44304 026 $ao-r- uene e.es deun (3) 1828 (A) 040 $aSeMil$bita 245 10$aTome 1. 300 $alxij, 368 p., [1] carta di tav. :$britr. 773 0 $tConseils de morale ou essais sur l'homme, les moeurs, les caractères, le monde, les femmes, l'éducation, etc; par Mme Guizot. Tome 1. [-2.].$dParis : Pichon et Didier, 1828$g1$w()18826 850 $aSeMil 852 $aSeMil$W1$xVenegono$y1$m2Q IV 44 FA$j39285$B39285$CSeMilBibl$Z2$F39288 $8I 941 1 $a10 961 $aRecupero: Mantegazza 996 $6245$aTome 1$9(OLS)http://semarc/title/1447